| 000 | 00939nam a2200253Ia 4500 | ||
|---|---|---|---|
| 005 | 20251020182505.0 | ||
| 008 | 200515s9999 xx 000 0 und d | ||
| 020 | _a84-380-0012-6 | ||
| 082 | _a628.1/M14 | ||
| 110 | _aCentro de Perfeccionamiento Profesional y Empresarial | ||
| 245 | 0 | _aExplotación de abastecimientos de agua | |
| 250 | _a2a ed. | ||
| 260 | _aMadrid | ||
| 260 | _bCPPE ; Colegio Oficial de Ingenieros de Caminos, Canales y Puertos | ||
| 260 | _c1974 | ||
| 300 | _a642 p. | ||
| 300 | _bil., tbl., graf., map. | ||
| 500 | _a1 ejemplar | ||
| 520 | _aJornadas de conferencias sobre explotación y abastecimientos de agua llevadas a cabo en Madrid, tienen como objetivo promover el planeamiento, proyecto, construcción y conservación de los abastecimientos y por ende de una adecuada explotación técnica y ec | ||
| 650 | _aABASTECIMIENTO DE AGUA | ||
| 650 | _aHIDRAULICA | ||
| 942 | _cLIB | ||
| 999 |
_c1271 _d1271 |
||